| 000 | 00674nam a2200217 a 4500 | ||
|---|---|---|---|
| 005 | 20140311163024.0 | ||
| 008 | 080110s19uu xx 00 eng d | ||
| 020 | _a9781593853624 | ||
| 050 |
_aHV 888.5 _b.Se45 2007 |
||
| 100 | _aSeligman, Milton | ||
| 245 | _aOrdinary families, special children. | ||
| 250 | _a3rd ed. | ||
| 260 |
_aNew York : _bThe Guilford Press, _c2007. |
||
| 300 |
_a434 p. : _bill. ; _c24 cm. |
||
| 521 | _aEDU | ||
| 650 |
_aChildren with disabilities _xFamily Relationships _xUnited States. |
||
| 650 |
_aParents of children with disabilities _xUnited States. |
||
| 700 | _aDarling, Rosalyn Benjamin | ||
| 942 |
_cBK _2lcc _kFOR |
||
| 999 |
_c39511 _d39511 |
||